Great books of the western world : (Record no. 4486)
[ view plain ]
| 000 -LEADER | |
|---|---|
| fixed length control field | 00519nam a22001577a 4500 |
| 003 - CONTROL NUMBER IDENTIFIER | |
| control field | OSt |
| 005 - DATE AND TIME OF LATEST TRANSACTION | |
| control field | 20250919025631.0 |
| 008 - FIXED-LENGTH DATA ELEMENTS--GENERAL INFORMATION | |
| fixed length control field | 250919b |||||||| |||| 00| 0 eng d |
| 020 ## - INTERNATIONAL STANDARD BOOK NUMBER | |
| International Standard Book Number | 0-85229-531-6 |
| 040 ## - CATALOGING SOURCE | |
| Original cataloging agency | DWCL-Main Lib |
| Transcribing agency | OC |
| 082 ## - DEWEY DECIMAL CLASSIFICATION NUMBER | |
| Classification number | GR. 081.19 G786 1990 |
| 245 ## - TITLE STATEMENT | |
| Title | Great books of the western world : |
| Remainder of title | volume 1-25, 2nd ed. |
| 260 ## - PUBLICATION, DISTRIBUTION, ETC. | |
| Place of publication, distribution, etc. | Chicago : |
| Name of publisher, distributor, etc. | Encyclopedia Britannica, Inc., |
| Date of publication, distribution, etc. | c1990 |
| 300 ## - PHYSICAL DESCRIPTION | |
| Dimensions | 24 cm. |
| 942 ## - ADDED ENTRY ELEMENTS (KOHA) | |
| Source of classification or shelving scheme | Dewey Decimal Classification |
| Koha item type | General Reference |
| Edition | 2nd edition |
| Classification part | GR. 081.19 G786 1990 |
| Call number prefix | GR. |
| Suppress in OPAC | No |
| 952 ## - LOCATION AND ITEM INFORMATION (KOHA) | |
| -- | |
| 952 ## - LOCATION AND ITEM INFORMATION (KOHA) | |
| -- | |
| 952 ## - LOCATION AND ITEM INFORMATION (KOHA) | |
| -- | |
| 952 ## - LOCATION AND ITEM INFORMATION (KOHA) | |
| -- | |
| 952 ## - LOCATION AND ITEM INFORMATION (KOHA) | |
| -- | |
| 952 ## - LOCATION AND ITEM INFORMATION (KOHA) | |
| -- | |
| 952 ## - LOCATION AND ITEM INFORMATION (KOHA) | |
| -- | |
| 952 ## - LOCATION AND ITEM INFORMATION (KOHA) | |
| -- | |
| 952 ## - LOCATION AND ITEM INFORMATION (KOHA) | |
| -- | |
| 952 ## - LOCATION AND ITEM INFORMATION (KOHA) | |
| -- | |
| 952 ## - LOCATION AND ITEM INFORMATION (KOHA) | |
| -- | |
| 952 ## - LOCATION AND ITEM INFORMATION (KOHA) | |
| -- | |
| 952 ## - LOCATION AND ITEM INFORMATION (KOHA) | |
| -- | |
| 952 ## - LOCATION AND ITEM INFORMATION (KOHA) | |
| -- | |
| 952 ## - LOCATION AND ITEM INFORMATION (KOHA) | |
| -- | |
| 952 ## - LOCATION AND ITEM INFORMATION (KOHA) | |
| -- | |
| 952 ## - LOCATION AND ITEM INFORMATION (KOHA) | |
| -- | |
| 952 ## - LOCATION AND ITEM INFORMATION (KOHA) | |
| -- | |
| 952 ## - LOCATION AND ITEM INFORMATION (KOHA) | |
| -- | |
| 952 ## - LOCATION AND ITEM INFORMATION (KOHA) | |
| -- | |
| 952 ## - LOCATION AND ITEM INFORMATION (KOHA) | |
| -- | |
| 952 ## - LOCATION AND ITEM INFORMATION (KOHA) | |
| -- | |
| 952 ## - LOCATION AND ITEM INFORMATION (KOHA) | |
| -- | |
| 952 ## - LOCATION AND ITEM INFORMATION (KOHA) | |
| -- | |
| Withdrawn status | Lost status | Source of classification or shelving scheme | Damaged status | Not for loan | Home library | Current library | Shelving location | Date acquired | Source of acquisition | Total Checkouts | Full call number | Barcode | Date last seen | Copy number | Price effective from | Koha item type | Uniform Resource Identifier |
|---|---|---|---|---|---|---|---|---|---|---|---|---|---|---|---|---|---|
| Dewey Decimal Classification | College Library | College Library | General Reference | 01/13/2006 | School Fund | 081.19 G786 1990 | 42659 | 09/19/2025 | c25 | 09/19/2025 | GR | ||||||
| Dewey Decimal Classification | College Library | College Library | General Reference | 01/13/2006 | School Fund | 081.19 G786 1990 | 42658 | 09/19/2025 | c24 | 09/19/2025 | GR | ||||||
| Dewey Decimal Classification | College Library | College Library | General Reference | 01/13/2006 | School Fund | 081.19 G786 1990 | 42657 | 09/19/2025 | c23 | 09/19/2025 | GR | ||||||
| Dewey Decimal Classification | College Library | College Library | General Reference | 01/13/2006 | School Fund | 081.19 G786 1990 | 42656 | 09/19/2025 | c22 | 09/19/2025 | GR | ||||||
| Dewey Decimal Classification | College Library | College Library | General Reference | 01/13/2006 | School Fund | 081.19 G786 1990 | 42655 | 09/19/2025 | c21 | 09/19/2025 | GR | ||||||
| Dewey Decimal Classification | College Library | College Library | General Reference | 01/13/2006 | School Fund | 081.19 G786 1990 | 42654 | 09/19/2025 | c20 | 09/19/2025 | GR | ||||||
| Dewey Decimal Classification | College Library | College Library | General Reference | 01/13/2006 | School Fund | 081.19 G786 1990 | 42652 | 09/19/2025 | c18 | 09/19/2025 | GR | ||||||
| Dewey Decimal Classification | College Library | College Library | General Reference | 01/13/2006 | School Fund | 081.19 G786 1990 | 42651 | 09/19/2025 | c17 | 09/19/2025 | GR | ||||||
| Dewey Decimal Classification | College Library | College Library | General Reference | 01/13/2006 | School Fund | 081.19 G786 1990 | 42650 | 09/19/2025 | c16 | 09/19/2025 | GR | ||||||
| Dewey Decimal Classification | College Library | College Library | General Reference | 01/13/2006 | School Fund | 081.19 G786 1990 | 42649 | 09/19/2025 | c15 | 09/19/2025 | GR | ||||||
| Dewey Decimal Classification | College Library | College Library | General Reference | 01/13/2006 | School Fund | 081.19 G786 1990 | 42648 | 09/19/2025 | c14 | 09/19/2025 | GR | ||||||
| Dewey Decimal Classification | College Library | College Library | General Reference | 01/13/2006 | School Fund | 081.19 G786 1990 | 42647 | 09/19/2025 | c13 | 09/19/2025 | GR | ||||||
| Dewey Decimal Classification | College Library | College Library | General Reference | 01/13/2006 | School Fund | 081.19 G786 1990 | 42646 | 09/19/2025 | c12 | 09/19/2025 | GR | ||||||
| Dewey Decimal Classification | College Library | College Library | General Reference | 01/13/2006 | School Fund | 081.19 G786 1990 | 42645 | 09/19/2025 | c11 | 09/19/2025 | GR | ||||||
| Dewey Decimal Classification | College Library | College Library | General Reference | 01/13/2006 | School Fund | 081.19 G786 1990 | 42644 | 09/19/2025 | c10 | 09/19/2025 | GR | ||||||
| Dewey Decimal Classification | College Library | College Library | General Reference | 01/13/2006 | School Fund | 081.19 G786 1990 | 42643 | 09/19/2025 | c9 | 09/19/2025 | GR | ||||||
| Dewey Decimal Classification | College Library | College Library | General Reference | 01/13/2006 | School Fund | 081.19 G786 1990 | 42642 | 09/19/2025 | c8 | 09/19/2025 | GR | ||||||
| Dewey Decimal Classification | College Library | College Library | General Reference | 01/13/2006 | School Fund | 081.19 G786 1990 | 42641 | 09/19/2025 | c7 | 09/19/2025 | GR | ||||||
| Dewey Decimal Classification | College Library | College Library | General Reference | 01/13/2006 | School Fund | 081.19 G786 1990 | 42640 | 09/19/2025 | c6 | 09/19/2025 | GR | ||||||
| Dewey Decimal Classification | College Library | College Library | General Reference | 01/09/2006 | School Fund | 081.19 G786 1990 | 42639 | 09/19/2025 | c5 | 09/19/2025 | GR | ||||||
| Dewey Decimal Classification | College Library | College Library | General Reference | 01/09/2006 | School Fund | 081.19 G786 1990 | 42638 | 09/19/2025 | c4 | 09/19/2025 | GR | ||||||
| Dewey Decimal Classification | College Library | College Library | General Reference | 01/09/2006 | School Fund | 081.19 G786 1990 | 42637 | 09/19/2025 | c3 | 09/19/2025 | GR | ||||||
| Dewey Decimal Classification | College Library | College Library | General Reference | 01/09/2006 | School Fund | 081.19 G786 1990 | 42636 | 09/19/2025 | c2 | 09/19/2025 | GR | ||||||
| Dewey Decimal Classification | College Library | College Library | General Reference | 01/09/2006 | School Fund | 081.19 G786 1990 | 42635 | 09/19/2025 | c1 | 09/19/2025 | GR |